000 00405nam a2200157Ia 4500
005 20250417140712.0
008 231217s9999 xx 000 0 und d
020 _a9788131407042
082 _a658.8702 PAT;1 R
100 _aPatnaik, Rajnandan ed.
245 0 _aValue chain revolution
260 _c2007
_bIcfai
_aHyderabad
300 _axiii, 217
650 _aValue,chain,revolution
942 _cAA
999 _c188508
_d188508